00318 a2200133 4500020001800000040001300018082001200031100001900043245003600062260003200098300001100130650002500141700001800166 a9780099288527 aDLCbDLC a823.912 aGreene, Graham aThe human factorcGraham Greene aLondonbVintage booksc1999 a259 p. aSpy stories, English aGraham Greene